000 00209 a2200097 4500
001 18581
100 _aKhan A
245 _aDunya ke zalim hukmuran
260 _a
_bSh ghulam ali
_c1960
090 _c13809
_d13809
942 _aNUST-CAE
_cM
_c4235
999 _c253654
_d253654